<?xml version="1.0" encoding="UTF-8"?>
<collection xmlns="http://www.loc.gov/MARC21/slim">
  <record>
    <leader>00000nam  2200000   4500</leader>
    <controlfield tag="001">INLIS000000000009522</controlfield>
    <controlfield tag="005">20201212123034</controlfield>
    <datafield tag="035" ind1="#" ind2="#">
      <subfield code="a">0010-1220000040</subfield>
    </datafield>
    <datafield tag="245" ind1="1" ind2="#">
      <subfield code="a">OPTIMALISASI PENGAJARAN MELALUI BAHAN AJAR PENGEMBANGAN MEDIA DALAM LAYANAN BIMBINGAN DAN KONSELING SEBAGAI SARANA PEMBELAJARAN KREATIF UNIVERSITAS BORNEO TARAKAN /</subfield>
      <subfield code="c">Ni Made Diah Padmi, S.Pd., M.Pd</subfield>
    </datafield>
    <datafield tag="100" ind1=" " ind2="#">
      <subfield code="a">PADMI, Ni Made Diah</subfield>
    </datafield>
    <datafield tag="250" ind1="#" ind2="#">
      <subfield code="a">1</subfield>
    </datafield>
    <datafield tag="300" ind1="#" ind2="#">
      <subfield code="a">ix, 54 halaman ; lampiran :</subfield>
      <subfield code="b">ilustrasi ;</subfield>
      <subfield code="c">30 cm</subfield>
    </datafield>
    <datafield tag="260" ind1="#" ind2="#">
      <subfield code="a">Samarinda :</subfield>
      <subfield code="b">Puslatbang KDOD,</subfield>
      <subfield code="c">2020</subfield>
    </datafield>
    <datafield tag="084" ind1="#" ind2="#">
      <subfield code="a">LATSAR 439 2020</subfield>
    </datafield>
    <datafield tag="650" ind1="#" ind2="#">
      <subfield code="a">Pelatihan Dasar</subfield>
    </datafield>
    <datafield tag="650" ind1="#" ind2="#">
      <subfield code="a">Media pembelajaran</subfield>
    </datafield>
    <datafield tag="650" ind1="#" ind2="#">
      <subfield code="a">inovasi pendidikan</subfield>
    </datafield>
    <datafield tag="650" ind1="#" ind2="#">
      <subfield code="a">pendidikan konseling</subfield>
    </datafield>
    <datafield tag="650" ind1="#" ind2="#">
      <subfield code="a">pendidikan tinggi</subfield>
    </datafield>
    <datafield tag="500" ind1="#" ind2="#">
      <subfield code="a">Coach : Itcianday, S.H., M.H.&#13;
Penguji : M. Harry Rahmadi, S.Pi., M.M.&#13;
Mentor : Ridwan, M.Pd</subfield>
    </datafield>
    <datafield tag="990" ind1="#" ind2="#">
      <subfield code="a">LATSAR/439/2020</subfield>
    </datafield>
  </record>
</collection>
